[Event "Graz op-A"]
[Site "Graz"]
[Date "1999.??.??"]
[Round "4"]
[White "Ebner, Johann"]
[Black "Softic, Edin"]
[Result "1/2-1/2"]
[WhiteElo "2100"]
[BlackElo "2000"]
[PlyCount "40"]
[EventDate "1999.09.17"]
[EventType "swiss"]
[EventRounds "9"]
[EventCountry "AUT"]
[SourceTitle "EXT 2001"]
[Source "ChessBase"]
[SourceDate "2000.11.22"]
[SourceVersion "1"]
[SourceVersionDate "2000.11.22"]
[SourceQuality "1"]

1. d4 Nf6 2. c4 e6 3. Nc3 Bb4 4. e3 d5 5. cxd5 exd5 6. Bd3 0-0 7. Nge2 c5 8. 0-0 cxd4 9. exd4 Nc6 10. a3 Be7 11. f3 Re8 12. b4 a6 13. Bc2 b5 14. Re1 Be6 15. Bg5 Nd7 16. Bxe7 Rxe7 17. Nc1 Nb6 18. Nb3 Nc4 19. Nc5 Qd6 20. Ne2 g6 1/2-1/2

[Event "Karl Wagner Memorial 5th"]
[Site "Graz"]
[Date "1998.09.11"]
[Round "7.37"]
[White "Mihevc Mohr, Narcisa"]
[Black "Softic, Edin"]
[Result "1-0"]
[WhiteElo "2200"]
[BlackElo "2030"]
[PlyCount "55"]
[EventDate "1998.09.??"]
[EventType "swiss"]
[EventRounds "9"]
[EventCountry "AUT"]
[SourceTitle "EXT 1999"]
[Source "ChessBase"]
[SourceDate "1998.11.16"]
[SourceVersion "1"]
[SourceVersionDate "1998.11.16"]
[SourceQuality "1"]

1. e4 c5 2. Nf3 d6 3. d4 cxd4 4. Nxd4 Nf6 5. Nc3 e5 6. Nde2 Be7 7. g3 0-0 8. Bg2 Bd7 9. a4 Nc6 10. 0-0 Nb4 11. h3 Bc6 12. g4 h6 13. Nd5 Nfxd5 14. exd5 Bd7 15. Ng3 g5 16. c3 Na6 17. Be4 f6 18. Qc2 Kh8 19. Bf5 Rf7 20. Bg6 Rf8 21. Bf5 Rf7 22. b4 Nc7 23. c4 Qc8 24. Rd1 Ne8 25. Be3 Ng7 26. Bxd7 Qxd7 27. Qg6 Kg8 28. Nf5 1-0

[Event "Karl Wagner Memorial 5th"]
[Site "Graz"]
[Date "1998.09.06"]
[Round "2.45"]
[White "Pesorda, Ivan"]
[Black "Softic, Edin"]
[Result "1-0"]
[WhiteElo "2220"]
[BlackElo "2030"]
[PlyCount "25"]
[EventDate "1998.09.??"]
[EventType "swiss"]
[EventRounds "9"]
[EventCountry "AUT"]
[SourceTitle "EXT 1999"]
[Source "ChessBase"]
[SourceDate "1998.11.16"]
[SourceVersion "1"]
[SourceVersionDate "1998.11.16"]
[SourceQuality "1"]

1. d4 Nf6 2. c4 e6 3. Nc3 Bb4 4. Qc2 c5 5. dxc5 Na6 6. a3 Bxc3+ 7. Qxc3 Nxc5 8. b4 Nce4 9. Qd4 Qc7 10. f3 Nd6 11. e4 0-0 12. Bf4 Nb5 13. Qe5 1-0